00331nam a2200121Ia 4500008004100000041000800041082001500049100001800064245004500082260004200127300003100169365000900200240624s9999 xx 000 0 und d aeng a332.64 GAN aGANDEVANI NED aWINNING EDGE TRADING SUCCESSFUL AND PROF c2010aNew JerseybJohn Wiley and Sons axvi, : 224 : p. : cm. ; 23 cb30